Separát štatistickej ročenky školstva SR 2006 stredné odborné školy, konzervatóriá, gymnáziá

Guardado en:
Detalles Bibliográficos
Formato: Libro
Lenguaje:eslovaco
Publicado: Bratislava Ústav informácií a prognóz školstva 2006
Materias:
Etiquetas: Agregar Etiqueta
Sin Etiquetas, Sea el primero en etiquetar este registro!

MARC

LEADER 00000nam$a2200000$$$4500
001 0055636
005 20251218075802.3
041 0 |a slo 
044 |a SK 
245 1 0 |a Separát štatistickej ročenky školstva SR 2006  |b stredné odborné školy, konzervatóriá, gymnáziá 
264 1 |a Bratislava  |b Ústav informácií a prognóz školstva  |c 2006 
300 |a 217 s. 
610 2 0 |a Slovensko 
610 2 0 |a školstvo 
610 2 0 |a školy stredné odborné 
610 2 0 |a školy stredné 
610 2 0 |a gymnáziá